| 000 | 00655nac a22001931u 4500 | ||
|---|---|---|---|
| 020 | _a0442002947 | ||
| 082 |
_a690 _bA496 |
||
| 090 |
_c3103 _d3103 |
||
| 100 | _aAmbrose, James E. | ||
| 245 |
_aBuilding construction: _cJames E. Ambrose _nv.4 _pService systems / |
||
| 260 |
_aNew York : _bChapman & Hall, 1992. |
||
| 300 |
_a142 p.: _bIll. ; _c29 cm. |
||
| 500 | _aIncludes index | ||
| 650 | _aBuilding fittings. | ||
| 650 | _aBuildings -- Mechanical systems. | ||
| 650 | _aBuilding -- Planning. | ||
| 942 |
_cBB _k690A496 |
||
| 999 |
_c3103 _d3103 |
||